Serious Fun: (Record no. 609534)
[ view plain ]
| 000 -LEADER | |
|---|---|
| fixed length control field | 01016 a2200289 i 4500 |
| 001 - CONTROL NUMBER | |
| control field | 265283533 |
| 003 - CONTROL NUMBER IDENTIFIER | |
| control field | MePoLT |
| 005 - DATE AND TIME OF LATEST TRANSACTION | |
| control field | 20240607112650.0 |
| 008 - FIXED-LENGTH DATA ELEMENTS--GENERAL INFORMATION | |
| fixed length control field | 240606b ||||| |||| 00| 0 eng d |
| 020 ## - INTERNATIONAL STANDARD BOOK NUMBER | |
| International Standard Book Number | 9781119833932 |
| 038 ## - RECORD CONTENT LICENSOR | |
| Staff Name | Malang Jan |
| 040 ## - CATALOGING SOURCE | |
| Original cataloging agency | MePoLT |
| Transcribing agency | MePoLT |
| Description conventions | rda |
| 082 ## - DEWEY DECIMAL CLASSIFICATION NUMBER | |
| Classification number | 720.92 |
| Author Mark | SER |
| 090 #4 - LOCALLY ASSIGNED LC-TYPE CALL NUMBER (OCLC); LOCAL CALL NUMBER (RLIN) | |
| Classification number (OCLC) (R) ; Classification number, CALL (RLIN) (NR) | NA2708.H373 |
| 245 00 - TITLE STATEMENT | |
| Title | Serious Fun: |
| Remainder of title | The Arty-tecture of Will Alsop/ |
| Statement of responsibility, etc. | edited by Samantha Hardingham |
| 264 #1 - PRODUCTION, PUBLICATION, DISTRIBUTION, MANUFACTURE, AND COPYRIGHT NOTICE | |
| Place of production, publication, distribution, manufacture | London: |
| Name of producer, publisher, distributor, manufacturer | John wiley & Sons; |
| Date of production, publication, distribution, manufacture, or copyright notice | 2022. |
| 300 ## - PHYSICAL DESCRIPTION | |
| Extent | 136p.: |
| Other physical details | ill; |
| Dimensions | 27cm. |
| 440 10 - SERIES STATEMENT/ADDED ENTRY--TITLE | |
| Title | Architectural design |
| 9 (RLIN) | 33235 |
| 490 10 - SERIES STATEMENT | |
| Series statement | Architectural design |
| Volume/sequential designation | vol:92,no:05 |
| 520 ## - SUMMARY, ETC. | |
| Summary, etc. | Serious Fun: The Arty-tecture of Will Alsop (Architectural Design) by Samantha Hardingham (2022) |
| 650 ## - SUBJECT ADDED ENTRY--TOPICAL TERM | |
| Topical term or geographic name entry element | Architecture, Modern |
| 9 (RLIN) | 32028 |
| 650 ## - SUBJECT ADDED ENTRY--TOPICAL TERM | |
| Topical term or geographic name entry element | Architecture, Modern |
| Geographic subdivision | 20th century |
| 9 (RLIN) | 123340 |
| 650 ## - SUBJECT ADDED ENTRY--TOPICAL TERM | |
| Topical term or geographic name entry element | Architecture |
| Geographic subdivision | Modern 21st century |
| 9 (RLIN) | 123339 |
| 700 1# - ADDED ENTRY--PERSONAL NAME | |
| Personal name | Hardingham,Samantha |
| 9 (RLIN) | 123304 |
| 942 ## - ADDED ENTRY ELEMENTS (KOHA) | |
| Source of classification or shelving scheme | |
| Koha item type | Book |
| Withdrawn status | Lost status | Source of classification or shelving scheme | Damaged status | Not for loan | Permanent Location | Current Location | Date acquired | Source of acquisition | Total Checkouts | Full call number | Barcode | Date last seen | Copy number | Cost, replacement price | Price effective from | Koha item type |
|---|---|---|---|---|---|---|---|---|---|---|---|---|---|---|---|---|
| School of Art Design and Architecture (SADA) | School of Art Design and Architecture (SADA) | 06/03/2024 | Pak Book | 720.92 SER 2022 | SADA0003023 | 06/06/2024 | 01 | 11526.97 | 06/06/2024 | Book |
